England 1966 FIFA World Cup Squad - Statistics

General Stats
  • This quiz has been taken 6,841 times
  • The average score is 10 of 23
Answer Stats
Position Club Player % Correct
MF Manchester United Bobby Charlton
91%
DF West Ham United Bobby Moore
89%
DF Leeds United Jack Charlton
89%
GK Leicester City Gordon Banks
77%
FW West Ham United Geoff Hurst
76%
MF Manchester United Nobby Stiles
59%
FW Tottenham Hotspur Jimmy Greaves
56%
Manager / Alf Ramsey
54%
MF West Ham United Martin Peters
54%
MF Blackpool Alan Ball
52%
FW Liverpool Roger Hunt
49%
DF Fulham George Cohen
44%
GK Chelsea Peter Bonetti
39%
DF Everton Ray Wilson
39%
DF Leeds United Norman Hunter
28%
MF Liverpool Ian Callaghan
24%
DF Blackpool Jimmy Armfield
24%
GK Sheffield Wednesday Ron Springett
22%
FW Southampton Terry Paine
19%
MF Wolverhampton Wanderers Ron Flowers
18%
DF Liverpool Gerry Byrne
15%
FW Manchester United John Connelly
15%
MF Arsenal George Eastham
14%
No matching quizzes found
Score Distribution
Percent of People with Each Score
Percentile by Number Answered
Your Score History
You have not taken this quiz